000 00201 a2200085 4500
020 _a9788968010910
100 _aDamdi
245 _aDamdi Q&A Series 5: Stairs For Public Space (P/B)
260 _bDamdi
_c2019
999 _c11985
_d11985